Arizona Cardinals receiving leaders each year - Statistics

General Stats
  • This quiz has been taken 4 times
  • The average score is 20 of 26
Answer Stats
Hint Answer % Correct
2019 Larry Fitzgerald
100%
2018 Larry Fitzgerald
100%
2017 Larry Fitzgerald
100%
2016 Larry Fitzgerald
100%
2015 Larry Fitzgerald
100%
2012 Larry Fitzgerald
100%
2011 Larry Fitzgerald
100%
2010 Larry Fitzgerald
100%
2009 Larry Fitzgerald
100%
2008 Larry Fitzgerald
100%
2007 Larry Fitzgerald
100%
2005 Larry Fitzgerald
100%
2004 Larry Fitzgerald
100%
2025 Trey Mcbride
100%
2024 Trey Mcbride
100%
2023 Trey Mcbride
100%
2022 DeAndre Hopkins
75%
2020 DeAndre Hopkins
75%
2006 Anquan Boldin
50%
2003 Anquan Boldin
50%
2021 Christian Kirk
50%
2002 David Boston
25%
2001 David Boston
25%
2000 David Boston
25%
2014 Michael Floyd
25%
2013 Michael Floyd
25%
No matching quizzes found
Score Distribution
Percent of People with Each Score
Percentile by Number Answered
Your Score History
You have not taken this quiz